000 00801nam a2200229Ia 4500
003 CO-CtgCURN
005 20250408223015.0
008 190722s9999 xx 000 0 und d
020 _a9502014596
040 _aCO-CtgCURN
_bspa
_ccoctgcurn
082 _a342.06
_bC764
245 0 _aContratos administrativos /
_cdir., Ismael Farrando, prol., Agustin Gordillo
260 _aBuenos Aires, Argentina :
_bAbeledo-Perrot,
_c2002
300 _a694 páginas ;
_c24 centĂ­metros
521 _aAREA PROFESIONAL
590 _aPrograma de Derecho_18
650 _aDerecho constitucional y administrativo
700 _aFarrando, Ismael
_edir.
700 _aGordillo, Agustin
_eprol.
942 _cBK
_h342.06
_iC764
_2ddc
_n0
999 _c28359
_d28359